000 00481nam a2200157 i 4500
001 87706
003 ES-MaACL
005 20230906175726.0
007 t|
008 041223s1967 sp ||||1| spa d
100 1 _aKunkel, G.
_969028
245 1 0 _aHelechos cultivados en las Islas Canarias /
_cG. Kunkel.
260 _aLas Palmas de Gran Canaria :
_bCabildo Insular de Gran Canaria,
_c1967.
300 _a176 p., 12 lám. :
_bil. ;
_c24 cm.
852 _aES-MaACL
_jC-32997
_bR.63685
999 _c87706
_d87706